[Event "20th Cvijet Mediterana 2020"]
[Site "Rijeka"]
[Date "2020.03.01"]
[Round "1.1"]
[White "Hrescak, Ivana"]
[Black "Vujnovic, Patricija"]
[Result "1/2-1/2"]
[WhiteElo "2182"]
[BlackElo "2103"]
[Annotator "TA"]
[PlyCount "156"]
[EventDate "2020.03.01"]
[EventType "tourn"]
[EventCountry "CRO"]
[SourceTitle "playchess.com"]
[Source "ChessBase"]
[SourceQuality "1"]

{[%evp 11,156,14,34,-6,0,5,8,11,36,29,43,37,45,35,60,46,46,45,49,58,61,57,94,77,63,36,54,26,70,18,32,29,41,7,29,29,27,25,52,44,46,33,32,38,88,85,88,85,93,87,138,87,87,70,73,67,61,15,15,15,15,14,14,21,60,53,71,73,72,72,108,12,14,0,109,95,126,131,121,109,141,151,160,149,160,117,156,130,122,69,69,71,123,36,76,59,62,62,68,59,68,64,67,8,8,8,36,36,36,8,36,0,0,0,0,0,0,0,31,31,439,434,375,0,61,8,8,8,244,0,2,0,0,0,0,-7,-7,-7,0,-10,-10,-10,-10,-12,-12,-13,0]} 1. d4 d5 2. c4 e6 3. Nc3 Nf6 4. cxd5 exd5 5. Bg5 c6 6. e3 Qb6 7. Qb3 {7.Qd2 gains popularity. D35: Queen's Gambit Declined: Exchange Variation.} Qxb3 8. axb3 Ne4 9. Bf4 Bb4 10. Nge2 {[#]} Nd7 $146 ({Predecessor:} 10... a5 11. f3 Nf6 12. Ng3 O-O 13. Kf2 g6 14. Bd3 Be6 15. Nge2 Nh5 16. Bh6 Re8 {½-½ (55) Koffler,D (2126)-Heimberger,R (2262) Austria 2017}) 11. f3 Nef6 12. Kf2 Nb6 13. Bc7 {Threatens to win with Bxb6.} Nbd7 14. Nf4 O-O 15. Nd3 Be7 16. b4 b6 17. Be2 Bb7 18. Rhc1 Rfc8 19. Bg3 Ne8 20. Ra2 (20. b5 $14) 20... a6 $11 21. Rca1 Nd6 22. Bf4 g5 (22... Re8 {is interesting.} 23. Ne1 Nb5 24. Nc2 h5 25. h3 Nf8) 23. Bxd6 Bxd6 24. Ne1 {[%cal Re2a6]} Bxb4 25. Bxa6 Bxa6 26. Rxa6 Rxa6 27. Rxa6 Rc7 28. Nd3 Bxc3 29. bxc3 $16 {[%mdl 4096] Endgame KRN-KRN} Kg7 30. Nb4 h6 (30... h5 $142) 31. Ra8 (31. g4 $142) 31... Nf6 32. Na6 Rb7 $1 33. Rc8 c5 $1 34. dxc5 (34. Rc6 {seems wilder.} h5 35. Rd6 h4 36. h3 Nh5 37. Rc6) 34... bxc5 35. Rxc5 {Nb4 is the strong threat.} Rb2+ 36. Kg3 Re2 37. Nb4 Rxe3 {Hoping for ...Ne4+.} 38. Kf2 d4 39. cxd4 Rb3 40. Nc2 $1 Nd7 41. Rc7 ({Better is} 41. Rc6 $1 $16) 41... Nf6 $11 42. Rc5 (42. Rc6 $11) 42... Nd7 $1 $16 {[%cal Rd7c5] [#]} 43. Rc6 $1 Nf6 44. Ne3 Rb2+ 45. Kf1 Rb1+ {[#]} 46. Ke2 $1 Rb2+ 47. Rc2 Rb8 48. Rd2 Rd8 49. d5 Kg6 50. g4 (50. h3 $16) 50... h5 $14 51. h3 Nd7 (51... hxg4 $142 52. hxg4 Re8) 52. Kf2 (52. Ra2 $16) 52... Re8 53. Nf5 hxg4 54. hxg4 Ra8 55. Rc2 {Black must now prevent Rc6+.} Ne5 56. Rc3 Ra2+ 57. Kg3 (57. Ke3 $14) 57... Rd2 $11 58. Ra3 Nc4 59. Ra6+ Kh7 $1 60. Rh6+ Kg8 61. Rh5 (61. Rc6 $5 {[%cal Rc6c4]} Ne5 62. Rc8+ Kh7 63. d6 $14) 61... f6 62. Rh6 Kf7 63. Rh7+ Kf8 64. Rc7 Nb6 65. d6 Ke8 $2 {[%mdl 8192]} (65... Nd5 $1 $14 66. Rc2 (66. Rc8+ Kf7 $14) 66... Rxc2) 66. Ng7+ $18 Kf8 67. Nf5 $2 ({Only move:} 67. Ne6+ $18 Kg8 68. Rg7+ Kh8 69. Rf7) 67... Ke8 $14 68. Rb7 (68. f4 $14) 68... Nd7 $11 69. Ra7 {And now Ng7+ would win.} Nb6 $2 (69... Nc5 $11 {and Black stays safe.}) 70. Re7+ $2 (70. Ng7+ $18 Kd8 71. Ne6+ Kc8 72. Rc7+ Kb8 73. Rf7) 70... Kd8 {The position is equal.} 71. Re6 Nd5 {aiming for ...Nf4.} 72. Re4 Nf4 {( -> ...Rg2#)} 73. Rxf4 gxf4+ 74. Kxf4 {KR-KN} Kd7 75. Ke3 Ra2 76. Kf4 Ra4+ 77. Ke3 Ra3+ 78. Ke4 Ra4+ {Accuracy: White = 69%, Black = 64%.} 1/2-1/2

[Event "20th Cvijet Mediterana 2020"]
[Site "Rijeka"]
[Date "2020.03.01"]
[Round "1.2"]
[White "Unuk, Laura"]
[Black "Spiranec, Noemi"]
[Result "1-0"]
[WhiteElo "2379"]
[BlackElo "2083"]
[Annotator "TA"]
[PlyCount "101"]
[EventDate "2020.03.01"]
[EventType "tourn"]
[EventCountry "CRO"]
[SourceTitle "playchess.com"]
[Source "ChessBase"]
[SourceQuality "1"]

{[%evp 13,101,0,7,0,21,-1,0,0,61,47,68,64,72,58,72,69,72,52,64,55,62,55,57,52,53,27,36,37,96,89,88,78,122,131,131,74,75,66,66,66,158,151,183,168,177,170,156,149,147,134,141,142,148,136,138,137,150,160,161,160,158,161,177,181,178,169,179,199,210,212,249,248,255,241,242,232,356,349,505,319,1160,1166,1142,1135,1024,1013,987,987,742,739]} 1. d4 Nf6 2. c4 e6 3. Nc3 Bb4 4. e3 O-O 5. Bd3 d5 6. cxd5 exd5 7. Nge2 c6 8. O-O {E48: Nimzo-Indian: Rubinstein: 5 Bd3 d5 including 6 Ne2, but excluding 6 a3.} Nbd7 9. Nf4 Bd6 10. f3 {The position is equal.} Bxf4 (10... Qc7 $11) 11. exf4 $14 {[#]} b6 $146 ({Predecessor:} 11... c5 12. Kh1 cxd4 13. Ne2 Nc5 14. Nxd4 Nxd3 15. Qxd3 Re8 16. Bd2 Qd6 17. Nb5 Qb6 {½-½ (77) Del Rio de Angelis,S (2547)-Galego,L (2473) Figueira da Foz 2018}) 12. f5 Bb7 13. Bf4 Re8 14. Qd2 a6 15. Rad1 c5 16. Bb1 Rc8 17. Qf2 h6 18. g4 cxd4 19. Rxd4 Rc4 20. Rfd1 Rxd4 (20... b5 $14) 21. Qxd4 $16 (21. Rxd4 $6 Ne5 $11) 21... Qe7 22. a3 Qc5 23. Kf2 Ne5 24. Na4 ({Much worse is} 24. Bxe5 $6 Rxe5 25. Ba2 Qe7 $11) (24. Ba2 $142 $1) 24... Qxd4+ 25. Rxd4 Nc4 26. Bd3 b5 {White leaves nothing to chance now.} (26... Rc8 $1 $14) 27. Nc5 $36 {[%mdl 2048] Threatens to win with Bxc4. White has strong initiative.} Bc8 28. b3 $1 {[%cal Rb3c4]} Na5 {White should prevent ...Nc6.} 29. Be2 Nc6 30. Rd1 d4 31. Bd3 Nd5 {[#]} 32. Bd2 $1 Ne5 33. Be4 Nf6 34. Bb1 Nfd7 {[#]} 35. Nxd7 $1 Bxd7 36. Bf4 Nc6 37. Be4 Rd8 38. Bc7 Rc8 39. Bb6 h5 40. g5 Ne7 41. f6 ({Stronger than} 41. Bxd4 Bxf5 42. Bb7 Rc2+ 43. Kg1 a5 $11) 41... gxf6 42. gxf6 ({Don't do} 42. Rxd4 $6 Be6) 42... Ng6 43. Bxd4 Be6 44. b4 Rc4 (44... Rd8 $142 45. Ke3 Bc4) 45. Ke3 Kh7 (45... Rc8 $142 46. Bc5 Bb3) 46. Rg1 Bd7 $2 (46... Kh6 47. Bb2 Rc8) 47. Bxg6+ $18 {White is clearly winning.} fxg6 48. f7 Rc8 49. Bc5 Kg7 50. f8=Q+ Rxf8 51. Bxf8+ {Accuracy: White = 89%, Black = 64%.} 1-0

[Event "20th Cvijet Mediterana 2020"]
[Site "Rijeka"]
[Date "2020.03.01"]
[Round "1.3"]
[White "Geller, Anastasiya"]
[Black "Medic, Mirjana"]
[Result "1-0"]
[WhiteElo "2189"]
[BlackElo "2210"]
[Annotator "TA"]
[PlyCount "75"]
[EventDate "2020.03.01"]
[EventType "tourn"]
[EventCountry "CRO"]
[SourceTitle "playchess.com"]
[Source "ChessBase"]
[SourceQuality "1"]

{[%evp 13,75,-19,-3,-42,-39,-37,-24,-42,-30,-51,-29,-41,-43,-44,-45,-57,-43,-47,0,0,6,0,62,35,22,38,38,27,35,27,72,72,88,43,50,10,14,25,8,12,43,25,19,0,30,25,69,70,83,72,85,0,0,0,166,42,141,127,178,166,252,125,1414,1302]} 1. d4 d5 2. c4 e6 3. Nc3 c6 4. cxd5 exd5 5. Nf3 Nf6 6. g3 Bf5 7. Bg2 Bd6 8. Bf4 {A17: English Opening: 1...Nf6 with ...Bb4.} Bxf4 9. gxf4 Ne4 10. e3 {Black has an edge.} Nd7 11. O-O {[#]} Qe7 $146 ({Predecessor:} 11... h5 12. Nxe4 Bxe4 13. Qe2 Qf6 14. Nd2 Bxg2 15. Kxg2 g5 16. fxg5 Qxg5+ 17. Kh1 Nf6 {½-½ (48) Piros,A-Kimionis,K Panellhnia 2005}) 12. Rc1 O-O 13. Ne2 Bg4 14. Qd3 Rfe8 15. Ng3 Nxg3 (15... Bxf3 $5 16. Bxf3 g6 $15) 16. hxg3 Nf6 17. Ne5 Qe6 (17... Be6 $11) 18. b4 a6 19. a4 Bf5 20. Qe2 Rec8 21. f3 {Hoping for g4.} Qd6 22. g4 Bd7 23. Qe1 Ne8 24. Qh4 f6 25. Nd3 a5 26. Rb1 b5 27. axb5 cxb5 28. Nc5 a4 29. Kf2 Qe7 30. Rh1 $36 {[%mdl 2048] White has the initiative.} g6 31. Bf1 {aiming for Bd3.} Nd6 32. Nxd7 (32. Re1 $16) 32... Qxd7 $11 33. Qxf6 Rf8 $2 {[#]} (33... Rc2+ $11 {and Black is okay.} 34. Kg3 Rd2) 34. Qh4 (34. Qg5 $1 $18) 34... Ra7 (34... a3 $14) 35. Bd3 $16 {Threatens to win with Bxg6!} Qf7 (35... Qe7 $16) 36. Qg5 $18 {Strongly threatening Rh6.} Nc4 (36... Qe6 {was necessary.} 37. f5 Qe7 38. Qxe7 Rxe7 39. fxg6 hxg6) 37. Rh6 (37. Rh5 $18 {is more deadly.}) 37... Re7 $2 {[%mdl 8192] [#]} (37... Qe7 $16 38. Qxd5+ {[%mdl 64] Double Attack} Kg7 39. Bxc4 Kxh6 40. Qxb5 a3) 38. Bxg6 $1 {[%mdl 512] Accuracy: White = 67%, Black = 51%.} 1-0

[Event "20th Cvijet Mediterana 2020"]
[Site "Rijeka"]
[Date "2020.03.01"]
[Round "1.4"]
[White "Dordzhieva, Dinara"]
[Black "Smirnova, Ekaterina"]
[Result "1/2-1/2"]
[WhiteElo "2340"]
[BlackElo "2266"]
[Annotator "TA"]
[PlyCount "201"]
[EventDate "2020.03.01"]
[EventType "tourn"]
[EventCountry "CRO"]
[SourceTitle "playchess.com"]
[Source "ChessBase"]
[SourceQuality "1"]

{[%evp 9,201,17,24,6,14,19,5,19,108,109,111,120,116,124,119,124,117,109,135,143,133,127,158,150,162,137,134,104,111,95,93,102,88,77,122,122,122,122,147,138,143,143,224,225,204,203,206,212,349,321,360,314,647,640,621,618,602,607,580,537,668,668,668,639,1627,1543,2029,1835,6075,5823,5324,4954,2575,4102,2827,2268,29974,29975,29976,29975,29975,0,29976,163,163,0,0,0,163,163,163,163,163,163,163,8,8,8,163,163,163,163,163,163,163,0,0,0,8,0,8,0,163,163,163,163,163,163,163,0,0,0,0,0,0,0,0,0,0,0,0,0,0,-8,0,0,0,0,0,0,0,0,0,0,0,0,0,0,163,163,163,163,163,163,163,0,0,0,0,0,0,0,0,0,0,0,0,0,0,0,0,0,0,0,0,0,0,0,0,0,0,0,0,0,0,0,0,0,0,0,0,0,0,0]} 1. d4 d5 2. c4 c6 3. Nf3 Nf6 4. g3 Bg4 5. Ne5 Bf5 6. Qb3 {D11: Slav Defence: 3 Nf3 sidelines and 3...Nf6 4 e3 Bg4.} (6. cxd5 {feels hotter.} cxd5 7. Nc3 Nc6 8. f3 Qb6 9. e3) 6... Qb6 7. cxd5 Qxb3 8. axb3 {[#]} Bxb1 $146 (8... Nxd5 $11 {remains equal.} 9. Bg2 Nb4) ({Predecessor:} 8... Nxd5 9. Bg2 Nb4 10. Na3 f6 11. Nec4 N8a6 12. O-O O-O-O 13. e4 Be6 14. Be3 Bxc4 15. Nxc4 {½-½ (34) Pashikian,A (2606)-Hovhannisyan,R (2624) Yerevan 2016}) 9. dxc6 $1 $16 (9. Rxb1 cxd5 10. Bg2 e6 $14) 9... Nxc6 ({Not} 9... Be4 $2 10. Rxa7 $1 {[%mdl 512]} Rxa7 11. c7 $1 $18 {[%mdl 512]}) 10. Rxb1 e6 11. Nxc6 bxc6 12. Bg2 Bb4+ 13. Bd2 Bxd2+ 14. Kxd2 Kd7 15. Rhc1 Rhc8 16. Ra1 Rc7 17. e4 Rb8 18. Rc3 Rb4 19. Ra4 (19. Kd3 {is more complex.} Rcb7 20. Ra3 g6 21. h3 h6 22. Ra6) 19... Rcb7 20. Rxb4 Rxb4 {[%mdl 4096] Endgame KRB-KRN} 21. Rd3 Kc7 22. Kc3 Rb8 23. b4 h5 24. h4 Rb5 25. e5 Nd5+ (25... Ng8 $16 26. Kc4 Kb6) 26. Bxd5 $1 $18 Rxd5 {KR-KR} 27. Rf3 Rd7 28. Kc4 Kb6 (28... a6 $142 29. Rf4 Kd8) 29. Rf4 a6 30. f3 f5 $2 (30... Kc7 31. g4 Kd8 32. gxh5 Ke8) 31. exf6 gxf6 32. Rxf6 Rg7 33. Rxe6 Rxg3 34. d5 Rxf3 35. Rxc6+ Kb7 36. Kc5 Rf4 37. Rb6+ Kc7 38. Rxa6 Rxh4 39. Ra7+ Kc8 40. Rh7 Rh2 41. b5 {[%cal Bb4b5,Bb5b6][%mdl 32]} h4 42. b3 h3 43. b6 Kb8 44. Rh8+ Kb7 45. Rh7+ Kb8 {If Black can now play ...Rc2+ this consolidates a bit.} 46. Kc6 $2 (46. d6 {mates} Rc2+ 47. Kb5 h2 48. b7 h1=B 49. Rxh1 Kxb7 50. Rh7+ Kc8 51. Rc7+ Rxc7 52. dxc7) 46... Rc2+ 47. Kd7 $2 (47. Kb5 $1 $18 h2 48. Rh8+ Kb7 49. Rh6) 47... h2 $1 $11 48. Kd6 Rb2 $2 (48... Ra2 $11 {and Black stays safe.}) 49. Kc6 $1 $18 {[%cal Rh7h8]} Rc2+ 50. Kb5 $1 Rd2 51. Kc4 Rc2+ 52. Kd4 $2 ({White should play} 52. Kd3 $18 Rc5 53. Ke4 (53. Rxh2 Rxd5+ 54. Kc4 Re5 $14)) 52... Rd2+ $1 $11 53. Ke4 Re2+ $2 (53... Kc8 $11) 54. Kd3 $1 $18 {[%cal Rd3e2]} Rb2 55. Kc3 $1 {[%cal Rc3b2]} Rg2 56. Kb4 Rd2 {[#]} 57. Kc5 $2 (57. Kb5 $1 $18) 57... Rc2+ $1 $11 58. Kd6 {White wants to play Ke6.} Rb2 59. Kd7 {With the idea Kd6.} Rc2 60. d6 Rg2 $2 (60... Kb7 $11) 61. Kc6 $18 {White threatens Rh8+ and mate.} Rc2+ 62. Kd5 Rd2+ 63. Kc5 Rc2+ 64. Kd4 $2 (64. Kb5 $18 Rd2 65. Kc6 Rc2+ 66. Kb5) 64... Rd2+ $11 65. Ke5 Re2+ $1 66. Kf6 Rf2+ 67. Ke7 {And now d7 would win.} Re2+ 68. Kd8 Rd2 69. Kd7 Rg2 70. Rh8+ Kb7 71. Ke8 Re2+ 72. Kd8 Rd2 73. Kd7 Re2 74. b4 Rg2 75. Ke7 Re2+ 76. Kf7 Rf2+ 77. Ke6 Re2+ 78. Kd5 Rd2+ $2 (78... Kxb6 $11 {and Black is okay.} 79. d7 Rd2+ 80. Kc4 Rxd7) 79. Kc5 $18 Rc2+ 80. Kb5 Rd2 81. Rh7+ Kb8 {[#]} 82. Kc5 $2 (82. d7 $1 $18 {[%cal Rd7d8]} Rxd7 83. Rxh2 (83. Rxd7 $2 {perishes.} h1=Q $19)) 82... Rc2+ $11 {The position is equal.} 83. Kd5 Rd2+ 84. Ke6 Re2+ $1 85. Kf6 {b7 is the strong threat.} Rf2+ 86. Ke7 Re2+ 87. Kf7 {Black must now prevent d7.} Rf2+ 88. Ke8 {Threatens to win with d7.} Re2+ 89. Kd8 Rd2 90. d7 Re2 $1 91. Rh6 Kb7 92. Rh8 $1 Kb8 93. Rh3 Kb7 94. b5 Kb8 95. Rh4 Kb7 96. Rh5 Kb8 97. Rh6 Kb7 98. Rh7 Kb8 99. Rh4 Kb7 100. Rh8 Kb8 101. Rh6 {Accuracy: White = 89%, Black = 70%.} 1/2-1/2

[Event "20th Cvijet Mediterana 2020"]
[Site "Rijeka"]
[Date "2020.03.01"]
[Round "1.5"]
[White "Radikovic, Anamarija"]
[Black "Doluhanova, Evgeniya"]
[Result "0-1"]
[WhiteElo "1996"]
[BlackElo "2239"]
[Annotator "TA"]
[PlyCount "82"]
[EventDate "2020.03.01"]
[EventType "tourn"]
[EventCountry "CRO"]
[SourceTitle "playchess.com"]
[Source "ChessBase"]
[SourceQuality "1"]

{[%evp 12,82,20,14,61,50,61,53,80,52,79,70,74,84,101,101,127,118,133,22,22,21,26,18,23,25,36,0,65,57,60,67,80,78,84,71,81,66,86,8,10,10,68,0,0,-29,-2,-26,-33,-55,-50,-144,-164,-177,-166,-159,-127,-326,-305,-360,-360,-386,-375,-409,-345,-440,-394,-513,-508,-542,-523,-513,-491]} 1. d4 Nf6 2. Nf3 b6 3. g3 Bb7 4. Bg2 g6 5. O-O Bg7 6. c4 O-O 7. d5 c6 {[%cal Rc6d5] A50: Queen's Fianchetto Defence (1 d4 Nf6 2 c4 b6).} 8. Nc3 cxd5 9. cxd5 d6 {White is slightly better.} 10. Nd4 Na6 11. Bg5 Nc7 {[%cal Rf6d5] [#]} 12. e4 $146 ({Predecessor:} 12. Nc6 Bxc6 13. dxc6 Rb8 14. a4 Ne6 15. h4 Nxg5 16. hxg5 Ne8 17. Rc1 Nc7 18. b4 {1-0 (32) De Paoli,E (1780)-Mulone,G (1548) Casaleone 2014}) 12... Nd7 13. Rc1 h6 14. Be3 Ne5 15. Ncb5 (15. f4 $16 Nc4 16. Bf2) 15... Nxb5 $11 16. Nxb5 Qd7 17. a4 {[#] aiming for Rc7.} Rfc8 18. Rxc8+ Bxc8 19. f4 Ng4 (19... Nc4 $11 20. Bd4 Nxb2) 20. Bd4 Bxd4+ 21. Qxd4 a6 22. Nc3 Qc7 23. h3 Nf6 24. e5 Ne8 25. Ne4 (25. Ne2 $16) 25... Bf5 26. e6 {Black must now prevent g4.} Qc2 ({Better is} 26... b5 $11) 27. g4 (27. exf7+ $14 Kxf7 28. Rf2 Qc1+ 29. Kh2) 27... Bxe4 $1 28. Bxe4 Qc5 29. Qxc5 (29. Rd1 {feels hotter.} Nf6 30. Bf3 fxe6 31. dxe6 Rc8 32. Bb7) 29... bxc5 {[%mdl 4096] Endgame KRB-KRN} 30. g5 f5 31. gxf6 (31. Bd3 $15) 31... Nxf6 $17 32. Bxg6 Rb8 33. Rf2 Nxd5 34. Bf7+ $2 {[#] Loses the game.} (34. Be4 $17 Nf6 35. Bf3) 34... Kg7 $19 35. f5 Kf6 36. Bg6 a5 37. Kg2 Rb4 38. Kg3 Rxa4 39. Be8 Rb4 {Black is clearly winning.} 40. Bc6 Ne3 41. Kf3 Nxf5 {Accuracy: White = 43%, Black = 77%.} 0-1

[Event "20th Cvijet Mediterana 2020"]
[Site "Rijeka"]
[Date "2020.03.02"]
[Round "2.1"]
[White "Vujnovic, Patricija"]
[Black "Doluhanova, Evgeniya"]
[Result "0-1"]
[WhiteElo "2103"]
[BlackElo "2239"]
[Annotator "TA"]
[PlyCount "96"]
[EventDate "2020.03.01"]
[EventType "tourn"]
[EventCountry "CRO"]
[SourceTitle "playchess.com"]
[Source "ChessBase"]
[SourceQuality "1"]

{[%evp 10,96,23,16,21,25,96,52,71,43,89,75,106,108,114,98,102,99,99,68,105,79,76,51,59,27,19,8,12,8,6,0,43,-29,0,0,47,37,45,33,40,0,81,0,0,-28,-31,-143,-137,-138,-140,-207,-196,-258,-255,-240,-256,-240,-210,-228,-218,-500,-493,-493,-493,-491,-460,-628,-534,-880,-848,-879,-856,-787,-725,-706,-698,-1943,-1918,-2224,-2138,-4894,-4151,-29973,-6119,-29974,-29974,-29976,-29968]} 1. d4 Nf6 2. Bg5 e6 3. e4 h6 4. Bxf6 Qxf6 5. c3 d6 6. Bd3 e5 {A45: Trompowsky Attack.} 7. Ne2 {[#]} Bg4 $146 (7... Nd7 $11) ({Predecessor:} 7... g6 8. O-O Bg7 9. f4 Qe7 10. Nd2 O-O 11. Nf3 Nd7 12. Qc2 b6 13. Rae1 Bb7 14. fxe5 dxe5 {1-0 (26) Piorun,K (2611)-Tregubov,P (2588) Moscow 2019}) 8. f3 Bd7 {White is slightly better.} 9. O-O (9. Qb3 $5 {[%cal Rb3b7]} Nc6 10. d5 $14) 9... g5 10. Qb3 b6 11. Na3 {[%cal Bb1a3,Ba3c4,Bc4e3,Be3d5][%mdl 32]} a5 12. Nc4 a4 13. Qc2 Nc6 {[%cal Re5d4]} 14. Ne3 exd4 15. Nd5 {[%mdl 64] Double Attack} Qd8 16. Bb5 Bg7 17. Bxc6 Bxc6 18. cxd4 Bxd5 $1 19. exd5 O-O 20. Rad1 Ra5 21. Qc6 (21. Nc3 $1 $14) 21... Re8 (21... Qe8 $5 {[%cal Re8e2]} 22. Kf2 Qxc6 23. dxc6 Rd5 $11) 22. Nc3 Qe7 23. Kh1 a3 24. b4 Raa8 25. Nb5 Rac8 (25... Qe2 $11) 26. Na7 (26. Nxa3 $16 Qe2 27. Nc2) 26... Rcd8 $11 27. Qc1 Qe2 28. Nc6 {White is now going downhill.} (28. f4 $15 Qxa2 29. fxg5 hxg5 30. Qxg5) 28... Ra8 $17 29. Rd2 Qb5 30. Re1 (30. h3 $17) 30... Kf8 $1 $19 31. Rdd1 (31. h3 {might work better.}) 31... Qxd5 32. Qc2 Re6 33. Rxe6 Qxe6 ({Weaker is} 33... fxe6 34. Re1 $17) 34. d5 Qe3 $40 {[%mdl 128] Black attacks with force.} 35. Qd3 $2 (35. Rf1 {was necessary.}) 35... Re8 {aiming for ...Qxd3.} 36. Qxe3 Rxe3 {[%mdl 4096] Endgame KRB-KRN} 37. h4 Re2 38. hxg5 hxg5 39. Rd3 Rxa2 40. b5 Ra1+ 41. Kh2 a2 42. Ra3 Be5+ 43. Nxe5 dxe5 {KR-KR} 44. Ra7 Ke7 45. Rxc7+ Kd6 {[%mdl 64] Double Attack} 46. Rc2 Kxd5 (46... f5 $142 47. Kg3 Kxd5 48. Re2 Kc4 49. Kf2 Kxb5 50. g4 {[#]} Rf1+ $1 {[%mdl 576] Decoy, Clearance, Promotion} 51. Kxf1 a1=Q+ 52. Re1 Qc3 53. Kf2 Qd2+ 54. Re2 Qd4+ {[%mdl 64] Double Attack} 55. Kg2 fxg4 56. fxg4 Qxg4+ 57. Kf1 Qxe2+ $1 {[%mdl 512]} 58. Kxe2 Kc4 59. Kf3 Kd4 60. Kf2 b5 61. Ke2 e4 62. Kf2 b4 63. Ke2 e3 64. Ke1 b3 65. Ke2 b2 66. Kf3 b1=Q 67. Kg4 e2 68. Kh5 e1=Q 69. Kh6 Qh4+ 70. Kg7 Qhh7+ 71. Kf8 Qb8#) 47. Kg3 f5 48. Kf2 {[#]} Rf1+ $1 {[%mdl 576] Decoy, Clearance, Promotion. Accuracy: White = 33%, Black = 67%.} 0-1

[Event "20th Cvijet Mediterana 2020"]
[Site "Rijeka"]
[Date "2020.03.02"]
[Round "2.2"]
[White "Smirnova, Ekaterina"]
[Black "Radikovic, Anamarija"]
[Result "1-0"]
[WhiteElo "2266"]
[BlackElo "1996"]
[Annotator "TA"]
[PlyCount "67"]
[EventDate "2020.03.01"]
[EventType "tourn"]
[EventCountry "CRO"]
[SourceTitle "playchess.com"]
[Source "ChessBase"]
[SourceQuality "1"]

{[%evp 18,67,35,14,43,14,57,56,60,53,79,54,83,52,101,0,60,66,77,56,66,60,85,41,77,95,75,83,181,46,136,76,410,416,413,360,375,376,346,368,720,716,701,689,707,674,1317,1118,29988,29989,29989,29990]} 1. d4 Nf6 2. c4 g6 3. Nc3 Bg7 4. e4 d6 5. Be2 O-O 6. Nf3 e5 7. O-O Nc6 8. d5 Ne7 9. b4 Nh5 10. g3 Nf6 {E97: King's Indian: Classical Main Line (6...e5 7 0-0 Nc6): 8 Be3 and 8 d5 Ne7, not 9 Ne1.} 11. c5 {[#]} a5 $146 ({Predecessor:} 11... Ne8 12. a4 f5 13. Ng5 Nf6 14. f3 h6 15. Ne6 Bxe6 16. dxe6 d5 17. Nxd5 Nfxd5 18. exd5 Qxd5 {0-1 (50) Andreeva,Y (1944)-Torlopov,N (2184) St Petersburg 2012}) 12. cxd6 cxd6 {White is slightly better.} 13. bxa5 Rxa5 14. Bd2 Ra8 15. Qb3 Nd7 16. Na4 (16. Be3 $16) 16... h6 (16... b6 $11) 17. Bb4 $14 Nf6 18. Nc3 Bh3 19. Rfc1 Ng4 20. Bf1 Qb6 21. Rc2 $36 {[%mdl 2048] Keeping Black busy.} Bxf1 22. Rxf1 f5 {[#]} (22... Rfc8 $16) 23. h3 (23. Bxd6 $1 $18 {[%mdl 512]} Qxd6 24. Nb5) 23... Nf6 {[#]} (23... fxe4 $1 $14 24. Nxe4 Nf6 25. Nxd6 Nfxd5) 24. Nxe5 (24. Bxd6 $142 $1 {[%mdl 512]} Qxd6 25. Nb5) 24... fxe4 $2 {[%mdl 8192] Now Black is done in.} (24... Qa6 $16 {is more resistant.}) 25. Nc4 $1 $18 {[%csl LRb6,LRd6][%mdl 64] Double Attack} Qa6 26. Bxd6 Nf5 {Hoping for ...Nd4.} 27. Bxf8 Nd4 {[#]} 28. Qb6 $1 Nxc2 $2 (28... Qxb6 29. Nxb6 Rxf8) 29. Bxg7 Kxg7 30. Qc7+ Kh8 31. Ne5 Rg8 {[#]} 32. Nxe4 $1 {[%mdl 576] White wants to mate with Nf7+. Discovered Attack} Nd4 (32... Nxe4 33. Nf7+) 33. Nf7+ {[%mdl 64] Double Attack} Kg7 34. Nfd6+ {[%mdl 64] Discovered Attack. Accuracy: White = 59%, Black = 20%.} 1-0